000 00292nam a22001217a 4500
008 160426b xxu||||| |||| 00| 0 eng d
020 _a9780781790475
020 _a0781790476
041 _aeng
080 _a618.2
245 1 0 _aFocus on nursing pharmaacologj;
_cAmy M. Karch;
942 _2udc
_cBK
999 _c1592
_d1592